00764 a2200181 450000500170000002000220001708200170003910000160005624500300007226000350010230000480013770000190018585600700020494200130027499900150028795201400030295201400044220250623115907.0 a978-0-07-148836-5 aLM 621.3 SIC aSICARD, E.  aAdvanced CMOS Cell Design aNew York,bMcGraw-Hill,c2007. ax,364p.: ill.; figure, tablesbIndexc24cm. aBENDHIA, S. D. yAccess Online BookfAdvanced CMOS Cell Designdmhprofessional.com 2ddccBKS c3785d3785 r2025-06-11 17:30:09l0oLM 621.3 SICp00000010844v135000.00w2025-06-11yBKS102ddc407000aCBEMLbCBEMLcGENd2010-05-28g45000.00 r2025-06-11 17:30:09l0oLM 621.3 SICp00000010845v135000.00w2025-06-11yBKS102ddc407000aCBEMLbCBEMLcGENd2010-05-28g45000.00